Standard methods for the examination of water and wastewater
Zapisane w:
| organizacja autorów: | , , , |
|---|---|
| Format: | Książka |
| Język: | angielski |
| Wydane: |
Washington, D.C
A.P.H.A
1976
|
| Wydanie: | 14a. ed |
| Hasła przedmiotowe: | |
| Etykiety: |
Dodaj etykietę
Nie ma etykietki, Dołącz pierwszą etykiete!
|
MARC
| LEADER | 00000nam a2200000 a 4500 | ||
|---|---|---|---|
| 001 | UCL3165 | ||
| 003 | CL-VaPUC | ||
| 008 | 031114e19760000US |||||||||||||||||eng|d | ||
| 082 | 0 | 4 | |a 628.161 |b AME |2 21 |
| 110 | 2 | |a American Public Health Association |e author |9 480420 | |
| 710 | 2 | |a American Water Works Association |e author |9 480421 | |
| 710 | 2 | |a Water Pollution Control Federation |e author |9 480422 | |
| 710 | 2 | |a Water Environment Federation |e author |9 480423 | |
| 245 | 1 | 0 | |a Standard methods for the examination of water and wastewater |
| 250 | |a 14a. ed | ||
| 300 | |a 1193 p | ||
| 942 | |c BK | ||
| 945 | |d 20031114 00:00:00 |a cmena | ||
| 260 | |a Washington, D.C |b A.P.H.A |c 1976 | ||
| 650 | 0 | |a Agua |9 257149 | |
| 650 | 0 | |a Aguas servidas |9 261486 | |
| 650 | 0 | |a Análisis |9 259550 | |
| 583 | |a last modification |c 20031114 00:00:00 |k Rodrigo Vera | ||
| 999 | |c 306291 |d 306289 | ||
| 952 | |0 0 |1 0 |4 0 |6 628_161000000000000_AME_1976 |7 0 |8 A |9 371213 |a BIBALI |b BIBALI |c REF |d 2019-11-21 |i 3961168 |o 628.161 AME 1976 |p 3961168 |r 2025-01-20 |w 2019-11-21 |y BK_F |k ALI | ||